000 011710000a22001330004500
090 _aCD 090
245 1 0 _a4er the foru gospels restored / The Lay Readers Bible Society
260 _aEEUU : The Lady Readers Bible Society
505 0 0 _aEl evangelio del buen pastor -- El diario de Jesús: una monografía en los cuatro evangelios -- La armonía del DOJ en Griego (traducción fuente del DOJ) -- Los cuatro evangelios en griego (tres versiones de dominio publico) -- Ocho útiles instrumentos, plantillas y lexicos
520 _aEste disco contiene una colección de trabajos diseñados para ayudar a ávidos estudiantes de las escrituras. Se incluye un compuesto de los cuatro evangelios, en inglés. Hay una armonía determinante en los cuatro evangelios palabra por palabra, es una traducción casi literal del texto griego al inglés. El texto griego en sí mismo se incluye, ambos formatos fueron admitidos en las tres versiones como una armonía para una versión, todo en Griego transliterado.
650 1 4 _aBIBLIA N.T. \ BIBLIA N.T. - EVANGELIOS \ BIBLIA N.T. - EVANGELIOS - TRADUCCION E INTERPRETACION \ GRIEGO BIBLICO - EVANGELIOS
001 17587
942 _cBK
999 _c44248
_d44248